000 00594nam a2200229 a 4500
999 _c6555
_d6555
001 6555
003 BD-JhCC
005 20180125101618.0
008 180125s19351956e |||| || | 000 0 eng d
035 _a(BD-JhCC)6555
040 _aBD-JhCC
_dBD-JhCC
041 _aeng
082 _a823.912
_bBRO 1956
100 _aBroster, D. K.
245 _aThe Flight of The Heron /
_cD. K. Broster,
260 _aLondon :
_bWilliam Heinemann Ltd,
_c1956
300 _a280 p. :
_c20 cm.
650 _aJacobite Rebellion (1745-1746)
650 _aEnglish Fiction
942 _2ddc
_cBK